Statistics for Biggest US Cities A-Z

Click here to take the quiz!

General Stats

  • This quiz has been taken 42 times
  • The average score is 17 of 26

Answer Stats

LetterAnswerPopulationRegion% Correct
DDallas7.64mSouth
95%
LLos Angeles13.2mWest
95%
NNew York City20.1mNortheast
93%
CChicago9.62mMidwest
90%
HHouston7.12mSouth
90%
SSan Francisco4.75mWest
90%
BBoston4.94mNortheast
88%
JJacksonville1.61mSouth
88%
AAtlanta6.09mSouth
86%
KKansas City2.19mMidwest
86%
PPhiladelphia6.25mNortheast
86%
MMiami6.14mSouth
83%
OOrlando2.67mSouth
83%
IIndianapolis2.11mMidwest
81%
EEl Paso868kWest
62%
WWashington D.C6.39mSouth
60%
FFresno1.01mWest
57%
TTampa3.18mSouth
52%
UUtica292kNortheast
40%
VVirginia Beach1.79mSouth
36%
GGrand Rapids1.09mMidwest
33%
RRiverside4.60mWest
33%
QQuincy38.5kMidwest
29%
YYoungstown541kMidwest
26%
XXenia26.8kMidwest
24%
ZZanesville24.7kMidwest
21%

Score Distribution

Percentile by Number Answered

Percent of People with Each Score

Your Score History

You have not taken this quiz